Derecho penitenciario (Record no. 40006)

MARC details
000 -LEADER
campo de control de longitud fija 00533nam a2200181 i 4500
001 - NÚMERO DE CONTROL
campo de control 40006
003 - IDENTIFICADOR DE NÚMERO DE CONTROL
campo de control ES-MaACL
005 - FECHA Y HORA DE LA ÚLTIMA TRANSACCIÓN
campo de control 20230906160124.0
007 - CAMPO FIJO DE DESCRIPCIÓN FÍSICA--INFORMACIÓN GENERAL
campo de control de longitud fija t|
008 - DATOS DE LONGITUD FIJA--INFORMACIÓN GENERAL
campo de control de longitud fija 030304s1974 mx ||||1| spa d
100 1# - ENTRADA PRINCIPAL--NOMBRE DE PERSONA
Nombre de persona Carranca y Rivas, Raul.
9 (RLIN) 195458
245 10 - MENCIÓN DEL TÍTULO
Título Derecho penitenciario
Resto del título : cárcel y penas en México /
Mención de responsabilidad, etc. Raul carrancá y Rivas.
260 ## - PUBLICACIÓN, DISTRIBUCIÓN, ETC.
Lugar de publicación, distribución, etc. México :
Nombre del editor, distribuidor, etc. Porrúa,
Fecha de publicación, distribución, etc. 1974.
300 ## - DESCRIPCIÓN FÍSICA
Extensión 613 p. ;
Dimensiones 24 cm.
650 #4 - PUNTO DE ACCESO ADICIONAL DE MATERIA--TÉRMINO DE MATERIA
Término de materia o nombre geográfico como elemento de entrada Derecho penal-
Subdivisión geográfica México.
9 (RLIN) 164594
852 ## - LOCALIZACIÓN
Ubicación ES-MaACL
Número de control de estantería E-344
Sublocalización o colección R.100047
Holdings
Estatus retirado Estado de pérdida Estado de daño No para préstamo Biblioteca de origen Biblioteca actual Ubicación en estantería Fecha de adquisición Fuente de adquisición Total de préstamos Signatura topográfica completa Código de barras Visto por última vez Precio de reemplazo Tipo de ítem Koha
        Biblioteca del Ateneo de Madrid Biblioteca del Ateneo de Madrid Depósito 2 17/01/2008     E-344 1042123 23/02/2023 23/02/2023 Libro impreso